<?xml version="1.0" encoding="UTF-8"?>
<collection xmlns:xsi="http://www.w3.org/2001/XMLSchema-instance" xsi:schemaLocation="http://www.loc.gov/MARC21/slim http://www.loc.gov/standards/marcxml/schema/MARC21slim.xsd" xmlns="http://www.loc.gov/MARC21/slim">
 <record>
  <leader>00000ctm a22000003a 4500</leader>
  <controlfield tag="001">UP-8027390931316279173</controlfield>
  <controlfield tag="003">Buklod</controlfield>
  <controlfield tag="005">20171025153457.0</controlfield>
  <controlfield tag="006">a     r    |||| u|</controlfield>
  <controlfield tag="007">ta</controlfield>
  <controlfield tag="008">171025s        xx     d     r    |||| u|</controlfield>
  <datafield tag="035" ind1=" " ind2=" ">
   <subfield code="a">(iLib)UPMIN-00010019630</subfield>
  </datafield>
  <datafield tag="090" ind1=" " ind2="0">
   <subfield code="a">LG993.5 2017 A3</subfield>
   <subfield code="b">C35</subfield>
  </datafield>
  <datafield tag="100" ind1="1" ind2=" ">
   <subfield code="a">Canceran, Dexie C.</subfield>
   <subfield code="e">author</subfield>
  </datafield>
  <datafield tag="245" ind1="0" ind2="0">
   <subfield code="a">Assessing financial literacy</subfield>
   <subfield code="b">the case of the officers of Davao Dairy Cooperatives</subfield>
   <subfield code="c">Dexie C. Canceran; Thaddeus R. Acuña, adviser.</subfield>
  </datafield>
  <datafield tag="264" ind1=" " ind2="1">
   <subfield code="a">2017</subfield>
  </datafield>
  <datafield tag="300" ind1=" " ind2=" ">
   <subfield code="a">53 leaves</subfield>
  </datafield>
  <datafield tag="500" ind1=" " ind2=" ">
   <subfield code="a">Thesis (BS Agribusiness Economics) -- University of the Philippines Mindanao, May 2017</subfield>
  </datafield>
  <datafield tag="500" ind1=" " ind2=" ">
   <subfield code="a">Confidential</subfield>
  </datafield>
  <datafield tag="506" ind1=" " ind2=" ">
   <subfield code="a">Not available to the general public</subfield>
  </datafield>
  <datafield tag="520" ind1=" " ind2=" ">
   <subfield code="a">Financial literacy is identified as a core skill that makes individuals move in a financial environment. Globally, one out of three adults is financially literate and in the Philippines on 25% of the adults can be categorized as such. The operation of cooperative are not exempted from the adverse effects of the low level of financial literacy among individuals, particularly that of the officers who are responsible for the overall direction was challenged by the lack of financial knowledge and application in the form of record keeping and optimizing limited financial capital. In Davao city, the number of member-cooperatives of the Federation of Davao city Dairy Farmer?s Cooperative (FEDDAFC), a major player in the daily supply of milk was reduced due to unsustainable operations. Hence, this study focused in looking into the financial literacy of the officers of the member of the cooperatives of FEDDAFC.</subfield>
  </datafield>
  <datafield tag="658" ind1=" " ind2=" ">
   <subfield code="a">Undergraduate Thesis</subfield>
   <subfield code="c">ABE 200b.</subfield>
  </datafield>
  <datafield tag="700" ind1="1" ind2=" ">
   <subfield code="a">Acuña, Thaddeus R.</subfield>
   <subfield code="e">adviser.</subfield>
  </datafield>
  <datafield tag="905" ind1=" " ind2=" ">
   <subfield code="a">FI</subfield>
  </datafield>
  <datafield tag="905" ind1=" " ind2=" ">
   <subfield code="a">UP</subfield>
  </datafield>
  <datafield tag="852" ind1="0" ind2=" ">
   <subfield code="a">UPMIN</subfield>
   <subfield code="b">UPMIN-MAIN</subfield>
   <subfield code="h">LG993.5 2017 A3 C35</subfield>
  </datafield>
  <datafield tag="942" ind1=" " ind2=" ">
   <subfield code="a">Thesis</subfield>
  </datafield>
 </record>
</collection>
